000 00814nam a2200289 4500
001 BS2023000059
003 BR-BrBNA
005 20230420093104.0
008 230419b2008 bl.||||| |||| 00| 0 por d
020 _a978-85-7328-119-4
040 _aBR-BrBNA
_bpor.
041 _apor.
072 _aB59
100 _aCalligarris, Rodolfo
_d1913-1975
245 _aAs leis morais segundo a filosofia espírita /
_cRodolfo Calligaris.
250 _a14. ed.
_b1. reimpressão
260 _aRio de Janeiro - RJ :
_bFederação Espírita Brasileira,
_c2008
300 _a200 p.
650 _aESPIRITISMO
650 _aRELIGIÃO
650 _aDOUTRINA ESPÍRITA
650 _aREENCARNAÇÃO
650 _aHISTÓRIAS DAS RELIGIÕES
909 _a202304
_bMaria Neves
_c53
_dLayla Santos
942 _cBK
999 _c8914
_d8914